[Event "53rd Hastings it"]
[Site "Hastings ENG"]
[Date "1978.01.05"]
[Round "8"]
[White "Fedorowicz, John"]
[WhiteElo "2480"]
[Black "Kagan, Shimon"]
[BlackTitle "IM"]
[BlackElo "2350"]
[Result "1-0"]
[PlyCount "89"]
[EventDate "1977.12.28"]

1. c4 g6 2. Nc3 Bg7 3. g3 d6 4. Bg2 e5 5. Nf3 f5 6. d3 Nf6 7. O-O O-O 8. Rb1 a5 9. a3 Nh5 10. Nd2 Nc6 11. b4 axb4 12. axb4 Nd4 13. c5 f4 14. cxd6 cxd6 15. b5 Rf7 16. Bb2 Be6 17. Ra1 Rc8 18. e3 f3 19. Bh1 Rxc3 20. exd4 Rxd3 21. Ra3 Rxd2 22. Qxd2 e4 23. d5 Bd7 24. Rfa1 Qe7 25. Ra8+ Rf8 26. Bxg7 Rxa8 27. Rxa8+ Kxg7 28. Qd4+ Nf6 29. b6 Kf7 30. Ra3 Qe5 31. Qxe5 dxe5 32. Ra7 Ke7 33. Rxb7 Kd6 34. Rb8 Nxd5 35. b7 Kc7 36. Rd8 Kxb7 37. Rxd7+ Kc6 38. Rxh7 g5 39. Rh5 Kc5 40. Rxg5 Kd4 41. h4 Nc3 42. h5 Kd3 43. h6 e3 44. Rxe5 Ne2+ 45. Kf1 1-0

[Event "53rd Hastings it"]
[Site "Hastings ENG"]
[Date "1978.01.05"]
[Round "8"]
[White "Hort, Vlastimil"]
[WhiteTitle "GM"]
[WhiteElo "2620"]
[Black "Sveshnikov, Evgeny"]
[BlackTitle "GM"]
[BlackElo "2520"]
[Result "1/2-1/2"]
[PlyCount "33"]
[EventDate "1977.12.28"]

1. d4 d5 2. c4 e6 3. Nc3 c6 4. cxd5 exd5 5. Bf4 Bf5 6. e3 Nf6 7. Bd3 Bxd3 8. Qxd3 Bd6 9. Nge2 O-O 10. O-O Ne8 11. f3 Nd7 12. e4 dxe4 13. fxe4 Nc5 14. Qe3 Ne6 15. Rad1 Qb6 16. b3 Bxf4 17. Nxf4 1/2-1/2

[Event "53rd Hastings it"]
[Site "Hastings ENG"]
[Date "1978.01.05"]
[Round "8"]
[White "Mestel, Andrew Jonathan"]
[WhiteTitle "IM"]
[WhiteElo "2420"]
[Black "Shamkovich, Leonid"]
[BlackTitle "GM"]
[BlackElo "2485"]
[Result "1-0"]
[PlyCount "87"]
[EventDate "1977.12.28"]

1. e4 c5 2. Nf3 e6 3. d4 cxd4 4. Nxd4 a6 5. c4 Nf6 6. Nc3 Bb4 7. Bd3 Nc6 8. Bc2 Ne5 9. O-O Nxc4 10. Qe2 Ne5 11. Kh1 d6 12. f4 Ng6 13. f5 Ne5 14. Ba4+ b5 15. Bxb5+ axb5 16. Qxb5+ Qd7 17. Qxb4 Ba6 18. Ndb5 O-O 19. a4 d5 20. exd5 Nxd5 21. Nxd5 Qxd5 22. Nc7 Qc6 23. Nxa6 Qxa6 24. Bd2 Rab8 25. Qe4 Rxb2 26. Be3 f6 27. fxe6 Qxe6 28. a5 Ra2 29. Bd4 Qc4 30. Rxa2 Qxa2 31. Ra1 Qc4 32. Qe3 Nc6 33. Bb6 Nb4 34. Qc5 Qe4 35. a6 Nd3 36. Qe3 Qd5 37. a7 Ne5 38. Qc5 Qa8 39. Qd6 h6 40. h3 Ng6 41. Bf2 Ne5 42. Qc7 Nc6 43. Ra6 Rc8 44. Qxc8+ 1-0

[Event "53rd Hastings it"]
[Site "Hastings ENG"]
[Date "1978.01.05"]
[Round "8"]
[White "Tarjan, James Edward"]
[WhiteTitle "GM"]
[WhiteElo "2495"]
[Black "Botterill, George Steven"]
[BlackElo "2440"]
[Result "1-0"]
[PlyCount "75"]
[EventDate "1977.12.28"]

1. d4 Nf6 2. c4 e6 3. Nc3 Bb4 4. f3 d5 5. a3 Bxc3+ 6. bxc3 c5 7. cxd5 Nxd5 8. dxc5 Qa5 9. e4 Nc7 10. Be3 e5 11. Qb3 Nc6 12. Bc4 O-O 13. Ne2 Ne6 14. Kf2 Qc7 15. Bd5 Qe7 16. Rhd1 Bd7 17. Qxb7 Nxc5 18. Qb2 Rab8 19. Qa2 Na5 20. Rab1 Bb5 21. Kg1 Ba4 22. Rxb8 Rxb8 23. Rb1 Rxb1+ 24. Qxb1 Ncb3 25. Qb2 Qc7 26. c4 Nxc4 27. Qc2 Qa5 28. Kf2 Nbd2 29. Qc3 Qxc3 30. Nxc3 Bb3 31. Bc5 Nb6 32. Ke2 Nxd5 33. exd5 Nc4 34. d6 Na5 35. d7 Bc4+ 36. Ke3 Nc6 37. Be7 Bf1 38. g3 1-0

[Event "53rd Hastings it"]
[Site "Hastings ENG"]
[Date "1978.01.07"]
[Round "9"]
[White "Botterill, George Steven"]
[WhiteElo "2440"]
[Black "Hort, Vlastimil"]
[BlackTitle "GM"]
[BlackElo "2620"]
[Result "0-1"]
[PlyCount "78"]
[EventDate "1977.12.28"]

1. c4 Nf6 2. Nc3 c5 3. Nf3 d5 4. cxd5 Nxd5 5. e3 e6 6. d4 Nc6 7. Bc4 Nxc3 8. bxc3 Be7 9. O-O O-O 10. Qe2 a6 11. a4 Na5 12. Bd3 Bd7 13. Bb2 Rc8 14. Ne5 Be8 15. f4 f6 16. Nf3 Qc7 17. Nd2 f5 18. e4 Bg6 19. exf5 Bxf5 20. Ne4 cxd4 21. cxd4 Qd7 22. Kh1 Kh8 23. Rad1 Rfd8 24. Bb1 Qd5 25. Nc5 Bf6 26. Ba1 Bxb1 27. Rxb1 Re8 28. Rfd1 Re7 29. Ne4 Nc4 30. Nxf6 gxf6 31. Qd3 Rg7 32. Rg1 Rcg8 33. Qf3 Rxg2 34. Qxd5 Rxg1+ 35. Rxg1 Rxg1+ 36. Kxg1 exd5 37. Bc3 Kg7 38. Kf2 Kg6 39. Kf3 Kf5 0-1

[Event "53rd Hastings it"]
[Site "Hastings ENG"]
[Date "1978.01.07"]
[Round "9"]
[White "Kagan, Shimon"]
[WhiteTitle "IM"]
[WhiteElo "2350"]
[Black "Tarjan, James Edward"]
[BlackTitle "GM"]
[BlackElo "2495"]
[Result "0-1"]
[PlyCount "72"]
[EventDate "1977.12.28"]

1. e4 c5 2. Nf3 d6 3. d4 cxd4 4. Nxd4 Nf6 5. Nc3 a6 6. h3 e6 7. g4 b5 8. Bg2 Bb7 9. g5 Nfd7 10. Be3 Nb6 11. b3 N8d7 12. O-O Rc8 13. Bd2 g6 14. a3 Bg7 15. Nde2 O-O 16. Ra2 Rc7 17. a4 bxa4 18. Nxa4 Nxa4 19. Rxa4 Nc5 20. Rc4 d5 21. exd5 Bxd5 22. Bxd5 exd5 23. Rg4 Rd7 24. Bb4 Qb6 25. Nc3 Rfd8 26. Bxc5 Qxc5 27. Na4 Qd6 28. Qd3 Re7 29. Nc3 Qc6 30. Nd1 d4 31. Nb2 Rde8 32. Qd1 Qc3 33. Nd3 Re2 34. Qa1 Qxc2 35. Qxa6 Qxb3 36. Rg3 Qb8 0-1

[Event "53rd Hastings it"]
[Site "Hastings ENG"]
[Date "1978.01.07"]
[Round "9"]
[White "Petrosian, Tigran"]
[WhiteTitle "GM"]
[WhiteElo "2645"]
[Black "Dzhindzhikhashvili, Roman"]
[BlackTitle "GM"]
[BlackElo "2535"]
[Result "1/2-1/2"]
[PlyCount "52"]
[EventDate "1977.12.28"]

1. d4 Nf6 2. c4 e6 3. Nf3 b6 4. g3 Bb7 5. Bg2 Be7 6. O-O O-O 7. Nc3 Ne4 8. Qc2 Nxc3 9. Qxc3 Bf6 10. Rd1 Be4 11. Be3 Nc6 12. Rac1 Ne7 13. Bg5 Bxf3 14. Bxf6 Bxg2 15. Bxe7 Qxe7 16. Kxg2 c6 17. Qf3 Rac8 18. Rc3 d6 19. e4 Rfd8 20. a3 Qd7 21. b4 h6 22. Re3 d5 23. exd5 cxd5 24. c5 bxc5 25. dxc5 a5 26. h4 Rb8 1/2-1/2

[Event "53rd Hastings it"]
[Site "Hastings ENG"]
[Date "1978.01.07"]
[Round "9"]
[White "Tisdall, Jonathan"]
[WhiteElo "2375"]
[Black "Mestel, Andrew Jonathan"]
[BlackTitle "IM"]
[BlackElo "2420"]
[Result "0-1"]
[PlyCount "74"]
[EventDate "1977.12.28"]

1. d4 Nf6 2. c4 g6 3. Nc3 Bg7 4. e4 O-O 5. Be2 c6 6. Nf3 d5 7. cxd5 cxd5 8. e5 Ne4 9. O-O Nc6 10. Re1 f6 11. exf6 Nxf6 12. Bg5 h6 13. Bh4 g5 14. Bg3 Nh5 15. Be5 Nxe5 16. Nxe5 Nf4 17. Bg4 Qb6 18. Bf3 Be6 19. Na4 Qb4 20. a3 Qd6 21. Nc5 Bf5 22. Nxb7 Qb6 23. Nc5 Qxb2 24. Na4 Qb5 25. Nc3 Qa5 26. Nxd5 Nxd5 27. Nc6 Qc7 28. Bxd5+ Kh8 29. Rxe7 Qd6 30. Qb3 Rac8 31. Rxa7 Rxc6 32. Bxc6 Qxd4 33. Rf1 Qxa7 34. a4 Qc5 35. Bb5 Be4 36. Qe6 Bd5 37. Qg6 Bf7 0-1

[Event "53rd Hastings it"]
[Site "Hastings ENG"]
[Date "1978.01.07"]
[Round "9"]
[White "Webb, Simon"]
[WhiteTitle "IM"]
[WhiteElo "2430"]
[Black "Fedorowicz, John"]
[BlackElo "2480"]
[Result "1/2-1/2"]
[PlyCount "113"]
[EventDate "1977.12.28"]

1. Nf3 Nf6 2. c4 g6 3. g3 Bg7 4. Bg2 O-O 5. O-O d6 6. d4 c6 7. Nc3 Qa5 8. h3 Be6 9. d5 Bd7 10. Bd2 Rc8 11. Rc1 cxd5 12. Nxd5 Qd8 13. Bc3 Nxd5 14. Bxg7 Kxg7 15. Qxd5 Bc6 16. Qd4+ Kg8 17. b4 Nd7 18. Rfd1 Qb6 19. Qd2 a5 20. b5 Bxf3 21. exf3 Rc7 22. f4 Rac8 23. Re1 Nf6 24. g4 e6 25. f5 exf5 26. g5 Nd7 27. Red1 Rxc4 28. Rxc4 Rxc4 29. Qxd6 Qxd6 30. Rxd6 Nc5 31. Bd5 Rb4 32. b6 Rb1+ 33. Kg2 Re1 34. Rd8+ Kg7 35. Rc8 Ne6 36. Bxe6 Rxe6 37. Ra8 Rxb6 38. Rxa5 f6 39. h4 Rb4 40. Rc5 fxg5 41. Rc7+ Kh6 42. hxg5+ Kxg5 43. Rxh7 Kg4 44. f3+ Kg5 45. Kg3 b6 46. Rd7 Rb2 47. f4+ Kh6 48. Rb7 Rb4 49. Kf3 Rb1 50. Kg3 Rb2 51. Kf3 b5 52. Kg3 b4 53. Kf3 Rb1 54. Kg3 g5 55. fxg5+ Kxg5 56. Rb6 Rg1+ 57. Kf2 1/2-1/2

[Event "53rd Hastings it"]
[Site "Hastings ENG"]
[Date "1978.01.08"]
[Round "10"]
[White "Fedorowicz, John"]
[WhiteElo "2480"]
[Black "Petrosian, Tigran"]
[BlackTitle "GM"]
[BlackElo "2645"]
[Result "1/2-1/2"]
[PlyCount "75"]
[EventDate "1977.12.28"]

1. e4 c5 2. Nf3 e6 3. d4 cxd4 4. Nxd4 Nf6 5. Nc3 d6 6. g4 a6 7. g5 Nfd7 8. Be3 b5 9. a3 Bb7 10. Qg4 Nc6 11. O-O-O Nce5 12. Qh3 g6 13. f4 Nc6 14. Rg1 Qc8 15. f5 Nc5 16. fxe6 fxe6 17. Bxb5 axb5 18. Ndxb5 Nd8 19. Rgf1 Be7 20. Qh6 Nf7 21. Qg7 Rf8 22. Qxh7 Nxe4 23. Rxf7 Rxf7 24. Qg8+ Rf8 25. Qxg6+ Kd7 26. Nxe4 Bxe4 27. Qxe4 Qc6 28. Qxc6+ Kxc6 29. Nd4+ Kd7 30. h4 d5 31. h5 e5 32. Nb3 Rf3 33. Bd2 Rh3 34. h6 Rg8 35. Kb1 Ke6 36. Re1 Bxg5 37. Nd4+ Kd7 38. h7 1/2-1/2

[Event "53rd Hastings it"]
[Site "Hastings ENG"]
[Date "1978.01.08"]
[Round "10"]
[White "Hort, Vlastimil"]
[WhiteTitle "GM"]
[WhiteElo "2620"]
[Black "Kagan, Shimon"]
[BlackTitle "IM"]
[BlackElo "2350"]
[Result "1-0"]
[PlyCount "79"]
[EventDate "1977.12.28"]

1. d4 g6 2. e4 Bg7 3. Nf3 d6 4. Bc4 c6 5. Nc3 e6 6. O-O b5 7. Bd3 Ne7 8. Bf4 h6 9. h4 a6 10. Qd2 Qc7 11. e5 d5 12. Ne2 c5 13. dxc5 Qxc5 14. a4 b4 15. Ned4 Nbc6 16. Rfe1 Bd7 17. Nb3 Qa7 18. Be3 Qb8 19. Bc5 a5 20. Bb5 Qd8 21. Bxc6 Nxc6 22. c3 bxc3 23. Qxc3 Bf8 24. Rec1 Be7 25. Nbd4 Nb4 26. Bxe7 Qxe7 27. Qe3 Kf8 28. Rc7 Kg7 29. Qf4 Rhd8 30. Ra3 Kh7 31. Rac3 Qf8 32. Nh2 h5 33. Nhf3 Rac8 34. Qf6 Na6 35. Ng5+ Kg8 36. Rxc8 Rxc8 37. Rxc8 Bxc8 38. Nc6 Qe8 39. Ne7+ Kf8 40. Nh7# 1-0

[Event "53rd Hastings it"]
[Site "Hastings ENG"]
[Date "1978.01.08"]
[Round "10"]
[White "Nunn, John Denis Martin"]
[WhiteTitle "IM"]
[WhiteElo "2410"]
[Black "Botterill, George Steven"]
[BlackElo "2440"]
[Result "0-1"]
[PlyCount "92"]
[EventDate "1977.12.28"]

1. e4 e6 2. d4 d5 3. Nd2 c5 4. Ngf3 Nc6 5. exd5 exd5 6. Bb5 Bd6 7. dxc5 Bxc5 8. O-O Nge7 9. Nb3 Bd6 10. Bd2 O-O 11. Re1 Qc7 12. Bc3 a6 13. Bd3 f6 14. h3 Bd7 15. Nbd4 Ne5 16. a3 Qb6 17. Qd2 N7c6 18. Rad1 Rae8 19. b4 Nxd3 20. Rxe8 Rxe8 21. Qxd3 Ne5 22. Nxe5 fxe5 23. Nf3 Bc6 24. Ba1 Qc7 25. Nd2 Qf7 26. c4 e4 27. Qe2 Bf4 28. cxd5 Bb5 29. Nc4 Rc8 30. Rd4 Qg6 31. Qa2 h6 32. d6 Kh7 33. d7 Rd8 34. g3 Rxd7 35. Rxd7 Bxd7 36. Kh2 Bb8 37. Be5 Ba7 38. Qe2 Qf5 39. g4 Qxf2+ 40. Qxf2 Bxf2 41. Nd6 Bc6 42. Bf4 e3 43. Bg3 Kg6 44. Nc4 Kf6 45. Nb2 Bxg3+ 46. Kxg3 Ke5 0-1

[Event "53rd Hastings it"]
[Site "Hastings ENG"]
[Date "1978.01.08"]
[Round "10"]
[White "Shamkovich, Leonid"]
[WhiteTitle "GM"]
[WhiteElo "2485"]
[Black "Tisdall, Jonathan"]
[BlackElo "2375"]
[Result "1/2-1/2"]
[PlyCount "84"]
[EventDate "1977.12.28"]

1. e4 c5 2. Nf3 Nc6 3. d4 cxd4 4. Nxd4 Nf6 5. Nc3 e5 6. Ndb5 d6 7. Nd5 Nxd5 8. exd5 Ne7 9. c4 Nf5 10. Bd3 Be7 11. O-O a6 12. Nc3 O-O 13. f4 exf4 14. Bxf4 Nh4 15. Kh1 Ng6 16. Qh5 f5 17. Bg3 Ne5 18. Bxe5 dxe5 19. Rxf5 Bxf5 20. Bxf5 g6 21. Be6+ Kg7 22. Qxe5+ Bf6 23. Qe3 Bxc3 24. Qxc3+ Qf6 25. c5 Rae8 26. Qxf6+ Rxf6 27. Kg1 Rf4 28. Rc1 Kf6 29. Rc3 Rd4 30. Rb3 Rc4 31. Bd7 Re2 32. h3 Rxc5 33. Bg4 Rd2 34. Rb6+ Ke5 35. Rxb7 Rcc2 36. Bf3 Rxb2 37. Re7+ Kf6 38. Re6+ Kf7 39. a4 a5 40. Rd6 Rb1+ 41. Kh2 Rb3 42. Kg1 Rb1+ 1/2-1/2

[Event "53rd Hastings it"]
[Site "Hastings ENG"]
[Date "1978.01.08"]
[Round "10"]
[White "Tarjan, James Edward"]
[WhiteTitle "GM"]
[WhiteElo "2495"]
[Black "Webb, Simon"]
[BlackTitle "IM"]
[BlackElo "2430"]
[Result "1-0"]
[PlyCount "75"]
[EventDate "1977.12.28"]

1. d4 Nf6 2. c4 c5 3. d5 b5 4. cxb5 a6 5. bxa6 g6 6. Nc3 Bxa6 7. Nf3 d6 8. e4 Bxf1 9. Kxf1 Bg7 10. g3 O-O 11. Kg2 Qa5 12. Re1 Nfd7 13. Re2 Na6 14. Bf4 Rfb8 15. Rc1 Ra7 16. Qd2 Nc7 17. e5 dxe5 18. Nxe5 Nxe5 19. Bxe5 Bxe5 20. Rxe5 Nb5 21. Qe3 Nxc3 22. bxc3 Rbb7 23. h4 Qxa2 24. h5 f6 25. hxg6 hxg6 26. Qh6 fxe5 27. Qxg6+ Kf8 28. Qf5+ Ke8 29. Qc8+ Kf7 30. Qe6+ Kg7 31. Qxe5+ Kf7 32. Qf5+ Kg8 33. Rh1 Rb6 34. Qh7+ Kf8 35. Qh8+ Kf7 36. Rh7+ Kg6 37. Qg7+ Kf5 38. Rh5+ 1-0

[Event "53rd Hastings it"]
[Site "Hastings ENG"]
[Date "1978.01.09"]
[Round "11"]
[White "Botterill, George Steven"]
[WhiteElo "2440"]
[Black "Mestel, Andrew Jonathan"]
[BlackTitle "IM"]
[BlackElo "2420"]
[Result "0-1"]
[PlyCount "102"]
[EventDate "1977.12.28"]

1. c4 e6 2. d4 d5 3. Nc3 c6 4. Nf3 dxc4 5. a4 Bb4 6. e4 b5 7. Be2 Nf6 8. Qc2 Bb7 9. O-O a6 10. e5 Nd5 11. Ne4 h6 12. Bd2 Be7 13. Ng3 Nd7 14. Nh5 Bf8 15. b3 cxb3 16. Qxb3 g6 17. Ng3 Be7 18. Ne4 Qb8 19. Rfc1 N5b6 20. Bb4 Bxb4 21. Qxb4 a5 22. Nd6+ Kf8 23. Qb1 b4 24. Nh4 Rg8 25. Bf3 Nd5 26. Bxd5 cxd5 27. Qd3 Ba6 28. Qf3 f5 29. Nhxf5 exf5 30. Qxd5 Rg7 31. e6 Nf6 32. Qe5 Ne8 33. e7+ Kg8 34. Qe6+ Kh7 35. Rc6 Bb7 36. Rb6 Nxd6 37. Rxd6 Qe8 38. Re1 Be4 39. Rd7 Ra6 40. Qxa6 Qxd7 41. f3 Rxe7 42. fxe4 Qxd4+ 43. Kh1 Qe5 44. Qb6 fxe4 45. Qe3 Qc3 46. Qxc3 bxc3 47. Kg1 Kg7 48. Kf2 Kf6 49. Ke3 Ke5 50. Rb1 c2 51. Rb5+ Kd6 0-1

[Event "53rd Hastings it"]
[Site "Hastings ENG"]
[Date "1978.01.09"]
[Round "11"]
[White "Petrosian, Tigran"]
[WhiteTitle "GM"]
[WhiteElo "2645"]
[Black "Tarjan, James Edward"]
[BlackTitle "GM"]
[BlackElo "2495"]
[Result "1-0"]
[PlyCount "89"]
[EventDate "1977.12.28"]

1. Nf3 Nf6 2. c4 g6 3. Nc3 d5 4. Qa4+ Bd7 5. Qb3 dxc4 6. Qxc4 Bg7 7. g3 O-O 8. Bg2 Nc6 9. O-O Bg4 10. Qa4 Qd7 11. Ng5 Rab8 12. d3 Nd4 13. Qxd7 Bxd7 14. Bf4 Rfc8 15. Nf3 Nh5 16. Bg5 e5 17. Rfc1 Kf8 18. Nd2 Nf6 19. h3 Ne8 20. Nb3 c5 21. Nxd4 cxd4 22. Nd5 f6 23. Bd2 Kf7 24. e3 Bf8 25. exd4 exd4 26. Nf4 f5 27. Ne2 Bb5 28. Rxc8 Rxc8 29. Nxd4 Bxd3 30. Bxb7 Rd8 31. Nc6 Rd5 32. Nb4 Rb5 33. Bd5+ Kg7 34. Bc6 Rb6 35. Bc3+ Kh6 36. Nxd3 Rxc6 37. Re1 Nf6 38. Rc1 Ra6 39. Bd2+ g5 40. h4 Ne4 41. hxg5+ Kh5 42. Be3 Rxa2 43. Kg2 Kg6 44. Rc7 Bd6 45. Rc6 1-0

[Event "53rd Hastings it"]
[Site "Hastings ENG"]
[Date "1978.01.09"]
[Round "11"]
[White "Speelman, Jonathan Simon"]
[WhiteElo "2395"]
[Black "Fedorowicz, John"]
[BlackElo "2480"]
[Result "1/2-1/2"]
[PlyCount "111"]
[EventDate "1977.12.28"]

1. c4 Nf6 2. Nf3 c5 3. d4 cxd4 4. Nxd4 e6 5. Nc3 b6 6. Ndb5 Bc5 7. Bf4 O-O 8. Bc7 Qe7 9. Bd6 Bxd6 10. Qxd6 Qxd6 11. Nxd6 Nc6 12. e3 Rd8 13. Be2 Kf8 14. O-O-O Ba6 15. Rd2 Ne7 16. Bf3 Rab8 17. Rhd1 Nc8 18. Ndb5 Bb7 19. Bxb7 Rxb7 20. b3 a6 21. Nd4 Na7 22. a4 Rc8 23. Kb2 Ke7 24. e4 d6 25. f3 Rc5 26. Nc2 Ne8 27. Nb4 Rh5 28. Nxa6 Rxh2 29. Nb4 h5 30. Nb5 Nxb5 31. cxb5 h4 32. Nc6+ Kf8 33. b4 h3 34. gxh3 Rxh3 35. Rd3 g6 36. Kc3 Nf6 37. Rb1 d5 38. a5 dxe4 39. a6 Rc7 40. a7 Rxa7 41. Rd8+ Kg7 42. Nxa7 Rxf3+ 43. Kc2 Nd5 44. Rxd5 exd5 45. Nc8 d4 46. Nxb6 Rf2+ 47. Kb3 d3 48. Nc4 Rh2 49. b6 Rh8 50. b7 Rb8 51. Nd6 f5 52. Ra1 $2 (52. Kc3 $1) 52... e3 53. Kc3 d2 54. Kc2 Rd8 $1 55. Kd1 f4 56. Ke2 {Source: Jon Speelman's Best Games by Jon Speelman (Batsford, 1997), p56} 1/2-1/2

[Event "53rd Hastings it"]
[Site "Hastings ENG"]
[Date "1978.01.09"]
[Round "11"]
[White "Webb, Simon"]
[WhiteTitle "IM"]
[WhiteElo "2430"]
[Black "Hort, Vlastimil"]
[BlackTitle "GM"]
[BlackElo "2620"]
[Result "1/2-1/2"]
[PlyCount "66"]
[EventDate "1977.12.28"]

1. d4 Nf6 2. c4 e6 3. g3 c5 4. Nf3 b6 5. Bg2 Bb7 6. O-O cxd4 7. Qxd4 d6 8. Nc3 a6 9. Rd1 Be7 10. Ng5 Bxg2 11. Kxg2 Nc6 12. Qf4 Ra7 13. b3 O-O 14. Nge4 Rd7 15. Bb2 Re8 16. Rac1 d5 17. cxd5 exd5 18. Nd2 d4 19. Nce4 Nb4 20. a3 Na2 21. Rc2 Nc3 22. Nxc3 dxc3 23. Bxc3 Nd5 24. Qf3 Nxc3 25. Qxc3 a5 26. b4 Qa8+ 27. Kg1 Bf6 28. Qf3 Qxf3 29. exf3 Rd3 30. bxa5 bxa5 31. Rb1 Rxa3 32. Nc4 Rc3 33. Re2 Ra8 1/2-1/2

[Event "53rd Hastings it"]
[Site "Hastings ENG"]
[Date "1978.01.10"]
[Round "12"]
[White "Mestel, Andrew Jonathan"]
[WhiteTitle "IM"]
[WhiteElo "2420"]
[Black "Kagan, Shimon"]
[BlackTitle "IM"]
[BlackElo "2350"]
[Result "0-1"]
[PlyCount "104"]
[EventDate "1977.12.28"]

1. d4 c5 2. d5 e5 3. e4 d6 4. Nc3 Nf6 5. Nf3 g6 6. Be2 Bg7 7. O-O O-O 8. a4 Na6 9. Nd2 Nc7 10. Nc4 Nfe8 11. f4 f6 12. f5 b6 13. Qe1 Rb8 14. Qg3 gxf5 15. exf5 Bb7 16. Ne3 a6 17. Qh4 Rf7 18. Rf3 Bf8 19. Rh3 Rg7 20. Ng4 Qe7 21. Bh6 Rf7 22. Rd1 Bc8 23. Rf1 b5 24. Rff3 bxa4 25. Bc4 Rb4 26. b3 axb3 27. cxb3 Nb5 28. Na2 Rxc4 29. bxc4 Nd4 30. Rf1 Nxf5 31. Bxf8 Kxf8 32. Qh5 Nd4 33. Qh6+ Kg8 34. Qh5 Kh8 35. Nh6 Rg7 36. Ra3 Rg6 37. Rg3 Kg7 38. Rxg6+ hxg6 39. Qh4 Ne2+ 40. Kh1 Nf4 41. Ng4 Bxg4 42. Qxg4 f5 43. Qf3 Nf6 44. Nc3 N4h5 45. Ne2 Ng4 46. h3 e4 47. Qa3 Ne5 48. Qxa6 f4 49. Qa3 f3 50. gxf3 exf3 51. Re1 Qh4 52. Qc3 Qxh3+ 0-1

[Event "53rd Hastings it"]
[Site "Hastings ENG"]
[Date "1978.01.10"]
[Round "12"]
[White "Nunn, John Denis Martin"]
[WhiteTitle "IM"]
[WhiteElo "2410"]
[Black "Webb, Simon"]
[BlackTitle "IM"]
[BlackElo "2430"]
[Result "1-0"]
[PlyCount "87"]
[EventDate "1977.12.28"]

1. e4 e6 2. d4 d5 3. Nd2 c5 4. Ngf3 Nc6 5. exd5 exd5 6. Bb5 Bd6 7. dxc5 Bxc5 8. O-O Nge7 9. Nb3 Bb6 10. Re1 O-O 11. Bg5 h6 12. Bh4 g5 13. Bg3 Nf5 14. Qd2 Be6 15. c3 Qf6 16. Bxc6 Nxg3 17. Bxd5 Rad8 18. hxg3 Bxd5 19. Qe2 Kg7 20. Nbd4 h5 21. Rad1 Bxf3 22. Qxf3 Qxf3 23. Nxf3 Kf6 24. Nd2 Bc7 25. Nc4 Rfe8 26. Ne3 g4 27. Kf1 Kg5 28. Rd5+ Kg6 29. c4 Be5 30. b3 Rxd5 31. Nxd5 f6 32. f4 gxf3 33. gxf3 Rd8 34. f4 Bb2 35. Re7 b5 36. Rxa7 Kf5 37. Ne3+ Ke4 38. Ke2 Kd4 39. cxb5 Kc5 40. a4 Kb4 41. b6 Kxb3 42. b7 Rb8 43. Nf5 Ba3 44. Nd4+ 1-0

[Event "53rd Hastings it"]
[Site "Hastings ENG"]
[Date "1978.01.10"]
[Round "12"]
[White "Shamkovich, Leonid"]
[WhiteTitle "GM"]
[WhiteElo "2485"]
[Black "Botterill, George Steven"]
[BlackElo "2440"]
[Result "1-0"]
[PlyCount "57"]
[EventDate "1977.12.28"]

1. d4 g6 2. e4 d6 3. Nf3 Bg7 4. Bc4 Nf6 5. Qe2 c6 6. Bb3 O-O 7. O-O Bg4 8. Nbd2 e5 9. dxe5 dxe5 10. Nc4 Qe7 11. h3 Bxf3 12. Qxf3 b5 13. Ne3 Nbd7 14. a4 Nc5 15. axb5 Nxb3 16. cxb3 cxb5 17. Ra6 Rfd8 18. Rd1 Rd4 19. Rxd4 exd4 20. e5 Rc8 21. exf6 Rxc1+ 22. Nf1 Qe1 23. Rxa7 Bf8 24. Qd5 Qe6 25. Qxd4 Qe2 26. Ra8 Rxf1+ 27. Kh2 Rxf2 28. Rxf8+ Kxf8 29. Qc5+ 1-0

[Event "53rd Hastings it"]
[Site "Hastings ENG"]
[Date "1978.01.11"]
[Round "13"]
[White "Botterill, George Steven"]
[WhiteElo "2440"]
[Black "Tisdall, Jonathan"]
[BlackElo "2375"]
[Result "0-1"]
[PlyCount "74"]
[EventDate "1977.12.28"]

1. d4 Nf6 2. c4 e6 3. Nf3 d5 4. Nc3 Be7 5. Bg5 Nbd7 6. e3 O-O 7. cxd5 exd5 8. Qc2 c6 9. Bd3 Re8 10. O-O Nf8 11. Bxf6 Bxf6 12. b4 a6 13. Na4 g6 14. Nc5 Qd6 15. Rab1 Bg7 16. Rfc1 Re7 17. a4 Rc7 18. b5 cxb5 19. axb5 b6 20. Qa4 bxc5 21. b6 Rc6 22. dxc5 Rxc5 23. Rxc5 Qxc5 24. b7 Bxb7 25. Rxb7 Ne6 26. Qd7 Rf8 27. Bxa6 d4 28. exd4 Nxd4 29. Nxd4 Bxd4 30. Qb5 Bxf2+ 31. Kf1 Qe3 32. Qe2 Qd4 33. Qc4 Qf6 34. Rb3 Be3+ 35. Ke2 Qf2+ 36. Kd3 Rd8+ 37. Ke4 Qf4# 0-1

[Event "53rd Hastings it"]
[Site "Hastings ENG"]
[Date "1978.01.11"]
[Round "13"]
[White "Dzhindzhikhashvili, Roman"]
[WhiteTitle "GM"]
[WhiteElo "2535"]
[Black "Fedorowicz, John"]
[BlackElo "2480"]
[Result "1-0"]
[PlyCount "55"]
[EventDate "1977.12.28"]

1. Nf3 Nf6 2. g3 d5 3. Bg2 c6 4. c4 dxc4 5. Na3 g6 6. Nxc4 Bg7 7. O-O O-O 8. d3 Nbd7 9. Bd2 Nd5 10. Qc2 a5 11. a3 b5 12. Ne3 Nxe3 13. Bxe3 Bb7 14. Nd4 Rc8 15. Nb3 Ba8 16. Nc5 Nf6 17. Rad1 Ne8 18. Bd2 Qc7 19. Bc3 Nf6 20. b4 axb4 21. axb4 Bb7 22. Qb2 Nh5 23. Ra1 Ra8 24. Bf3 Nf6 25. Be5 Qc8 26. Rxa8 Bxa8 27. Ra1 Ne8 28. Ra7 1-0

[Event "53rd Hastings it"]
[Site "Hastings ENG"]
[Date "1978.01.11"]
[Round "13"]
[White "Sax, Gyula"]
[WhiteTitle "GM"]
[WhiteElo "2565"]
[Black "Tarjan, James Edward"]
[BlackTitle "GM"]
[BlackElo "2495"]
[Result "1/2-1/2"]
[PlyCount "84"]
[EventDate "1977.12.28"]

1. e4 e5 2. Nf3 Nc6 3. Bb5 a6 4. Ba4 Nf6 5. O-O Nxe4 6. d4 b5 7. Bb3 d5 8. dxe5 Be6 9. Nbd2 Be7 10. Nxe4 dxe4 11. Bxe6 fxe6 12. Ng5 Qxd1 13. Rxd1 Bxg5 14. Bxg5 Rf8 15. Bh4 e3 16. fxe3 Rf5 17. a4 b4 18. Bg3 Rd8 19. Rd3 Rf7 20. Rad1 Rdd7 21. Bf4 Na5 22. h4 b3 23. Rc1 bxc2 24. Rxd7 Rxd7 25. Rxc2 Rd1+ 26. Kh2 Kd7 27. h5 Ra1 28. Rd2+ Ke8 29. Rd4 Rb1 30. Rb4 Nc6 31. Rc4 Kd7 32. Bg3 Rxb2 33. Rg4 g6 34. hxg6 hxg6 35. Rxg6 Rb4 36. Rg7+ Ne7 37. Bf4 Ke8 38. Bg5 Nd5 39. a5 Rg4 40. Kh3 Kf8 41. Kxg4 Kxg7 42. e4 Nb4 1/2-1/2

[Event "53rd Hastings it"]
[Site "Hastings ENG"]
[Date "1978.01.11"]
[Round "13"]
[White "Webb, Simon"]
[WhiteTitle "IM"]
[WhiteElo "2430"]
[Black "Mestel, Andrew Jonathan"]
[BlackTitle "IM"]
[BlackElo "2420"]
[Result "1/2-1/2"]
[PlyCount "35"]
[EventDate "1977.12.28"]

1. d4 d6 2. e4 g6 3. Nf3 Bg7 4. Be2 Nf6 5. Nc3 O-O 6. O-O Bg4 7. Be3 Nc6 8. Qd2 e5 9. dxe5 dxe5 10. Rad1 Qc8 11. Qc1 Rd8 12. Rxd8+ Qxd8 13. Rd1 Qe8 14. h3 Bxf3 15. Bxf3 Rd8 16. Rxd8 Qxd8 17. Qd1 Qxd1+ 18. Bxd1 1/2-1/2

[Event "53rd Hastings it"]
[Site "Hastings ENG"]
[Date "1978.01.12"]
[Round "14"]
[White "Mestel, Andrew Jonathan"]
[WhiteTitle "IM"]
[WhiteElo "2420"]
[Black "Petrosian, Tigran"]
[BlackTitle "GM"]
[BlackElo "2645"]
[Result "1/2-1/2"]
[PlyCount "35"]
[EventDate "1977.12.28"]

1. e4 e6 2. d4 d5 3. exd5 exd5 4. Bd3 Bd6 5. c3 c6 6. Nf3 Qc7 7. Bg5 Ne7 8. Bh4 Ng6 9. Qe2+ Kf8 10. Bg3 Bg4 11. Nbd2 Nd7 12. O-O-O Nf4 13. Qf1 Re8 14. Re1 Rxe1+ 15. Nxe1 g6 16. Bxf4 Bxf4 17. f3 Be6 18. g3 1/2-1/2